A passage to India (Record no. 18106)
[ view plain ]
| 000 -LEADER | |
|---|---|
| fixed length control field | 01775cgm a22003977a 4500 |
| 005 - DATE AND TIME OF LATEST TRANSACTION | |
| control field | 20140316093054.0 |
| 007 - PHYSICAL DESCRIPTION FIXED FIELD--GENERAL INFORMATION | |
| fixed length control field | vd cgaizm |
| 008 - FIXED-LENGTH DATA ELEMENTS--GENERAL INFORMATION | |
| fixed length control field | 140313t2003 xxu237 g |||| 0| vleng d |
| 020 ## - INTERNATIONAL STANDARD BOOK NUMBER | |
| International Standard Book Number | 5050070009613 |
| 043 ## - GEOGRAPHIC AREA CODE | |
| Geographic area code | a-ii--- |
| 082 04 - DEWEY DECIMAL CLASSIFICATION NUMBER | |
| Edition number | 22 |
| Classification number | 791.4372 |
| Item number | PAS |
| 245 02 - TITLE STATEMENT | |
| Title | A passage to India |
| Medium | [videorecording] / |
| Statement of responsibility, etc | Columbia Pictures presents a John Brabourne and Richard Goodwin production in association with John Heyman and Edward Sands and Home Box office, Inc. ; a David Lean film ; producers John Brabourne, Richard Goodwin ; screenplay and directed by David Lean. |
| 260 ## - PUBLICATION, DISTRIBUTION, ETC. (IMPRINT) | |
| Place of publication, distribution, etc | [Beverly Drive, United States] : |
| Name of publisher, distributor, etc | MGM Home Entertainment Inc., |
| Date of publication, distribution, etc | c.2003. |
| 300 ## - PHYSICAL DESCRIPTION | |
| Extent | 1 videodisc (237 min.) : |
| Other physical details | sd., col. ; |
| Dimensions | 4 3/4 in. |
| 508 ## - CREATION/PRODUCTION CREDITS NOTE | |
| Creation/production credits note | Editor David Lean ; music Maurice Jarre. |
| 511 ## - PARTICIPANT OR PERFORMER NOTE | |
| Participant or performer note | Judy Davis, James Fox, Peggy Ashcroft, Alec Guinness. |
| 521 ## - TARGET AUDIENCE NOTE | |
| Target audience note | General viewing, but some scenes may be unsuitable for young children. |
| 650 #0 - SUBJECT ADDED ENTRY--TOPICAL TERM | |
| Topical term or geographic name as entry element | Women adventurers |
| Geographic subdivision | India |
| Form subdivision | Drama |
| 9 (RLIN) | 35616 |
| 650 #0 - SUBJECT ADDED ENTRY--TOPICAL TERM | |
| Topical term or geographic name as entry element | Tourists |
| Geographic subdivision | India |
| Form subdivision | Drama |
| 9 (RLIN) | 35617 |
| 650 #0 - SUBJECT ADDED ENTRY--TOPICAL TERM | |
| Topical term or geographic name as entry element | Wounds and injuries |
| Geographic subdivision | India |
| Form subdivision | Drama |
| 9 (RLIN) | 35636 |
| 651 #0 - SUBJECT ADDED ENTRY--GEOGRAPHIC NAME | |
| Geographic name | India |
| General subdivision | History |
| Chronological subdivision | British occupation, 1765-1947 |
| Form subdivision | Drama |
| 9 (RLIN) | 35618 |
| 653 ## - INDEX TERM--UNCONTROLLED | |
| -- | GGEN |
| -- | March2014 |
| 700 1# - ADDED ENTRY--PERSONAL NAME | |
| Personal name | Davis, Judy, |
| Dates associated with a name | 1955- |
| 9 (RLIN) | 35622 |
| 700 1# - ADDED ENTRY--PERSONAL NAME | |
| Personal name | Fox, James, |
| Dates associated with a name | 1939- |
| 9 (RLIN) | 35623 |
| 700 1# - ADDED ENTRY--PERSONAL NAME | |
| Personal name | Ashcroft, Peggy, |
| 9 (RLIN) | 35624 |
| Dates associated with a name | 1907-1991 |
| 700 1# - ADDED ENTRY--PERSONAL NAME | |
| Personal name | Guinness, Alec, |
| 9 (RLIN) | 35625 |
| Dates associated with a name | 1914-2000 |
| 700 1# - ADDED ENTRY--PERSONAL NAME | |
| Personal name | Jarre, Maurice |
| 9 (RLIN) | 35626 |
| Dates associated with a name | 1924-2009 |
| 700 1# - ADDED ENTRY--PERSONAL NAME | |
| 9 (RLIN) | 25221 |
| Personal name | Lean, David |
| Dates associated with a name | 1908-1991 |
| 700 1# - ADDED ENTRY--PERSONAL NAME | |
| Personal name | Heyman, John, |
| 9 (RLIN) | 35631 |
| Dates associated with a name | 1933- |
| 700 1# - ADDED ENTRY--PERSONAL NAME | |
| Personal name | Sands, Edward |
| 9 (RLIN) | 35630 |
| 700 1# - ADDED ENTRY--PERSONAL NAME | |
| Personal name | Goodwin, Richard B., |
| 9 (RLIN) | 35627 |
| Dates associated with a name | 1934- |
| 700 1# - ADDED ENTRY--PERSONAL NAME | |
| Personal name | Brabourne, John |
| 9 (RLIN) | 35628 |
| 710 2# - ADDED ENTRY--CORPORATE NAME | |
| Corporate name or jurisdiction name as entry element | Home Box Office (Firm) |
| 9 (RLIN) | 35629 |
| 710 2# - ADDED ENTRY--CORPORATE NAME | |
| Corporate name or jurisdiction name as entry element | Columbia Pictures |
| 9 (RLIN) | 25048 |
| 942 ## - ADDED ENTRY ELEMENTS (KOHA) | |
| Source of classification or shelving scheme | Dewey Decimal Classification |
| Item type | |
| Call number prefix | 791.4372 PAS |
| Withdrawn status | Lost status | Source of classification or shelving scheme | Damaged status | Not for loan | Koha collection | Home library | Current library | Shelving location | Date acquired | Source of acquisition | Cost, normal purchase price | Total Checkouts | Full call number | Barcode | Date last seen | Cost, replacement price | Koha item type |
|---|---|---|---|---|---|---|---|---|---|---|---|---|---|---|---|---|---|
| Dewey Decimal Classification | Baccah | Central Library | Central Library | Second Floor | 13/03/2014 | Purchase | 159.00 | 791.4372 PAS | 000035689 | 24/08/2022 | 198.75 | CD | DVD - Movie (NB) |